| 000 | 00476nam a2200169 i 4500 | ||
|---|---|---|---|
| 001 | 64495 | ||
| 003 | ES-MaACL | ||
| 005 | 20230906165137.0 | ||
| 007 | t| | ||
| 008 | 031226s1948 sp ||||1| spa d | ||
| 100 | 1 |
_aFont Maymó, J. _951562 |
|
| 245 | 1 | 0 |
_aRendimientos y valoraciones de obras / _cpor J. Font Maymó. |
| 250 | _a2ª ed. | ||
| 260 |
_aMadrid : _bDossat, _c1948 ( _fNuevas Gráficas) |
||
| 300 |
_aXII, 508 p. ; _c25 cm. |
||
| 852 |
_aES-MaACL _jD-7153 _bR.30764 |
||
| 999 |
_c64495 _d64495 |
||